[Event "20th Dubai Open 2018"]
[Site "Dubai"]
[Date "2018.04.09"]
[Round "8"]
[White "Sidhant, Mohapatra"]
[Black "Aradhya, Garg"]
[Result "1-0"]
[WhiteElo "2382"]
[BlackElo "2218"]
[Annotator "TA"]
[PlyCount "135"]
[EventDate "2018.??.??"]
[EventType "swiss"]
[EventCountry "UAE"]
[SourceTitle "playchess.com"]
[Source "ChessBase"]
[SourceQuality "1"]

{[%evp 23,135,50,73,31,149,135,182,163,148,144,162,76,72,84,167,166,176,168,174,164,173,151,204,200,195,182,243,210,211,219,221,219,201,202,188,155,214,196,224,221,255,244,304,295,279,259,414,420,367,410,433,344,351,339,302,318,502,497,516,483,492,504,511,505,485,501,795,652,774,681,685,681,643,625,699,690,690,683,718,706,1499,1496,1243,1022,926,747,29966,29968,29969,29968,29970,29969,29965,29969,29971,29971,29971,29970,12794,11323,5691,3904,29983,29983,29986,29985,29993,29991,29991,29992,29992,29991,29991,29992]} 1. c4 e6 2. Nc3 d5 3. d4 Nf6 4. Nf3 Bb4 5. Bg5 Nbd7 6. cxd5 exd5 7. e3 c5 8. Be2 O-O 9. O-O Qa5 10. Qc2 c4 11. Nd2 Re8 {D38: Queen's Gambit Declined: Ragozin Defence (4 Nf3 Bb4)} 12. Bh4 h6 {LiveBook: 5 Games} 13. a3 (13. Bf3 g5 14. Bg3 Nb6 15. Be5 Nbd7 16. Bg3 Nb6 17. a3 Bxc3 18. bxc3 {1-0 (45) Kazhgaleyev,M (2640)-Jobava,B (2664) Dresden 2008}) 13... Be7 ({Better is} 13... Bxc3 $1 $14 14. bxc3 b6) 14. Bf3 $16 g6 $146 ({Predecessor:} 14... Qd8 15. Bg3 Nf8 16. b3 cxb3 17. Qxb3 {½-½ (68) Pogorelov,R (2415)-Oms Pallisse,J Barcelona 1993}) 15. b3 cxb3 16. Nxb3 Qd8 17. Nxd5 (17. Rfc1 $18 {has better winning chances.}) 17... Nxd5 18. Bxd5 {Black must now prevent Qxg6+.} Kg7 (18... Ne5 $16) 19. Bg3 $18 Nf6 {[#]} 20. Bf3 $1 Bd6 21. Bxd6 Qxd6 22. Qc5 Qa6 (22... Qe7 $16 23. Qxe7 Rxe7) 23. Qb4 Rb8 24. Rac1 b6 (24... Qe6 {was called for.} 25. Rfd1 Qb6) 25. Nc5 Qa5 26. Qxa5 bxa5 27. Rb1 Rb6 28. e4 Nd7 29. Na4 $36 {[%mdl 2048] Black is under strong pressure.} Rd6 (29... Rxb1 $16 30. Rxb1 Ba6) 30. Rfd1 f6 31. Rb5 a6 32. Rbb1 g5 33. h3 h5 34. Rbc1 g4 (34... Kh6 $142 35. Rc7 Nf8) 35. hxg4 hxg4 36. Bxg4 Rxe4 37. f3 (37. Rxc8 Rxg4 38. Nc5 Nxc5 $16) 37... Re8 38. Rc7 Kg6 39. Rdc1 f5 (39... Rxd4 $142 40. Nb2 Rd2) 40. Bh3 (40. Rxc8 Rxc8 41. Rxc8 fxg4 $18) 40... Rxd4 41. Nb2 (41. Rxc8 Rxc8 42. Rxc8 Rxa4 $14) 41... Rd2 42. Nc4 ({Less strong is} 42. Rxc8 Rxc8 43. Rxc8 Rxb2 $16) 42... Rd5 43. Rc6+ Kg5 44. Nd6 Re2 (44... Ne5 $142 45. Nxe8 Nxc6 46. Rxc6 Bd7) 45. Nxc8 Rdd2 46. Rd6 Ne5 47. Rxd2 Rxd2 48. Ne7 Nd3 49. Rc6 Nf4 50. Kh2 Re2 51. Rc5 Nxh3 52. Rxf5+ ({Weaker is} 52. Kxh3 Rxe7 53. g3 (53. Rxa5 Kf4 $16) 53... a4 $16) 52... Kh6 53. Kxh3 Rxe7 54. Rxa5 {[%mdl 4096] Endgame KR-KR} Re6 55. g4 {[%cal Bg2g4,Bg4g5][%mdl 32]} Kg7 56. Kg3 Rc6 57. a4 Kf7 58. f4 {[%cal Bf3f4,Bf4f5,Bf5f6][%mdl 32]} Rh6 59. g5 Rb6 60. Kg4 Kg6 61. Rc5 Kf7 62. Rc7+ Kg8 63. f5 {White mates.} a5 64. Kh5 Kh8 65. f6 Kg8 66. Kg6 {[%cal Rc7c8]} Rb8 67. Rg7+ Kf8 68. Rh7 {Precision: White = 76%, Black = 26%.} 1-0

[Event "20th Dubai Open 2018"]
[Site "Dubai"]
[Date "2018.04.09"]
[Round "8"]
[White "Tissir, Mohamed"]
[Black "Abou El Zein, Eid Mahmoud"]
[Result "0-1"]
[WhiteElo "2381"]
[BlackElo "2156"]
[Annotator "TA"]
[PlyCount "103"]
[EventDate "2018.??.??"]
[EventType "swiss"]
[EventCountry "UAE"]
[SourceTitle "playchess.com"]
[Source "ChessBase"]
[SourceQuality "1"]

{[%evp 16,103,17,-6,18,14,27,16,44,46,50,42,45,43,45,25,35,45,43,50,52,40,45,36,57,58,113,100,117,88,76,52,60,36,152,141,155,99,200,202,216,209,182,216,208,193,210,222,213,209,310,259,357,360,354,354,475,418,405,287,277,174,166,126,402,395,463,445,433,418,442,441,519,505,652,652,644,639,844,832,5397,5397,5397,5397,5177,4293,29978,29980,29979,29976]} 1. e4 c5 2. Nc3 Nc6 3. Bb5 g6 4. Bxc6 bxc6 5. d3 Bg7 6. Nge2 d6 7. Be3 Nf6 8. h3 O-O 9. O-O {LiveBook: 6 Games} e5 {B23: Closed Sicilian: Lines without g3} 10. Qd2 Ne8 11. Bh6 Nc7 {The position is equal.} 12. Bxg7 Kxg7 13. f4 {[#]} exf4 $146 ({Predecessor:} 13... f6 14. Rf2 Qe7 15. Raf1 Bd7 16. Nd1 Ne6 17. Ne3 exf4 18. Nxf4 Nxf4 19. Rxf4 {½-½ (37) Bratanov,J (2300)-Georgiev,K (2525) Dupnitsa 1998}) 14. Nxf4 Ne6 15. Qe3 Nd4 16. Rf2 Rb8 17. b3 Qe7 18. Qg3 Qe5 19. Raf1 Bd7 20. Nd1 f6 ({Better is} 20... Kg8 $14) 21. Ne3 Be6 22. Kh1 Rbe8 23. Nxe6+ Rxe6 24. Qh4 d5 ({Black should try} 24... h6 $14) 25. c3 $16 Nb5 {[%cal Rd5e4] [#]} 26. c4 (26. Ng4 $142 $1 {[%cal Rg4e5]} Qh5 27. Qg3) 26... Nc7 (26... dxc4 $16 27. bxc4 Nd4) 27. Ng4 $18 Qd4 {intending ...h5.} 28. e5 {Intending Qh6+ and mate.} f5 29. Qh6+ Kg8 30. Nf6+ Rfxf6 31. exf6 Rxf6 32. Re2 $40 {[%mdl 128] [#] aiming for Rfe1. White has strong attack.} Re6 (32... Ne6 $142 33. Kh2 a6) 33. Rfe1 Qf6 34. Qf4 Rxe2 35. Rxe2 {[%mdl 4096] Endgame KQR-KQN} Qd8 36. Qe5 Kf7 37. Re1 h5 38. Qe3 Qd6 39. d4 Ne6 $2 {[%mdl 8192]} (39... cxd4 $16 {is a better defense.} 40. Qxd4 c5) 40. dxc5 Nxc5 41. Qe8+ Kf6 42. cxd5 cxd5 43. Qh8+ Kg5 44. Qe5 Qf8 45. Qxd5 Kh6 46. Qd2+ Kh7 47. Rc1 Ne4 48. Rc7+ Kh8 49. Qd7 {[%csl Gc7][%cal Rd7h7]} Nf6 50. Qe6 Ng8 51. Qxg6 {[%csl Gc7][%cal Rg6h7]} Nf6 52. Rf7 {[%mdl 32768] Precision: White = 76%, Black = 34%. . Loss on Time!?} 0-1

[Event "20th Dubai Open 2018"]
[Site "Dubai"]
[Date "2018.04.09"]
[Round "8"]
[White "Muthaiah AL"]
[Black "Mahitosh Dey"]
[Result "1-0"]
[WhiteElo "2372"]
[BlackElo "1913"]
[Annotator "TA"]
[PlyCount "99"]
[EventDate "2018.??.??"]
[EventType "swiss"]
[EventCountry "UAE"]
[SourceTitle "playchess.com"]
[Source "ChessBase"]
[SourceQuality "1"]

{[%evp 14,99,36,30,28,33,75,75,64,68,78,47,70,69,69,72,74,37,100,83,134,141,147,141,139,122,224,120,123,134,127,92,116,81,133,93,116,108,152,137,161,161,141,134,164,161,171,160,131,0,156,145,144,137,210,122,294,231,350,328,345,368,314,170,165,165,147,149,118,38,271,290,280,293,268,277,618,620,611,593,1392,1315,1670,1524,2249,1974,1955,2103]} 1. c4 e6 2. Nf3 Nf6 3. g3 d5 4. Bg2 b6 5. O-O Bb7 6. cxd5 exd5 {A13: English Opening: 1...e6} 7. d4 Bd6 8. Nh4 {LiveBook: 3 Games} Qd7 {White has an edge.} 9. Qc2 g6 $146 ({Predecessor:} 9... Nc6 10. Nf5 O-O 11. Nc3 Rfe8 12. Nxd6 Qxd6 13. Rd1 h6 14. Bf4 {0-1 (53) Bai,J (2567)-Peng,H (2270) Shenzhen 2016}) 10. Nc3 O-O 11. Bg5 Be7 12. Nf3 Nc6 13. Rfd1 $36 {[%mdl 2048] White is pushing.} Qe6 14. a3 Rad8 15. Bf4 Qc8 (15... Ne4 $1 $14) 16. Ne5 Qa8 (16... Nxe5 $142 17. dxe5 Ne4) 17. Nxc6 $16 Bxc6 18. Bxc7 Rc8 19. Bf4 Ne4 {[#]} (19... Qb7 $16 20. Rac1 Rfd8) 20. Bh3 ({Better is} 20. Bxe4 $1 $18 dxe4 21. Qb3 (21. d5 Bxd5 22. Rxd5 Qxd5 $16)) 20... Nxc3 21. bxc3 f5 22. Be5 Bd7 23. Bg2 Qc6 (23... Rc4 $142) 24. Rd3 Be6 25. a4 a6 26. Qd2 Rf7 27. h4 Qd7 28. Qf4 Rc4 29. Re3 Bd8 30. Qh6 Rc6 31. Qf4 (31. Kh2 $16) 31... Qc8 $2 ({Black should play} 31... Rc4 $11) 32. Ra3 Qd7 33. Bf3 Qe7 (33... Be7 $16 {might work better.} 34. Rb3 Rf8) 34. Rb3 (34. c4 $18) 34... Qf8 $2 (34... Qd7 $16 35. Rb1 Rc8) 35. Bb8 h6 {[#]} (35... Rd7 {was called for.} 36. c4 Bf7) 36. Rxe6 $1 $18 {[%mdl 512]} Rxe6 37. Bxd5 Rxe2 38. c4 (38. Bd6 $142 Qg7 39. Be5 Re1+ 40. Kh2) 38... Kh7 39. Bxf7 Qxf7 40. d5 g5 41. Qd6 (41. Qf3 $16 Re1+ 42. Kg2) 41... Qe7 $2 ({Black should try} 41... Qe8 $14) 42. Qxe7+ Rxe7 43. hxg5 hxg5 {[%mdl 4096] Endgame KRB-KRB} 44. a5 Rb7 $2 (44... bxa5 45. c5 a4) 45. Be5 {White is clearly winning.} b5 {Now ...Re7 and Black clings on.} 46. c5 {[%cal Bc4c5,Bc5c6][%mdl 32]} Re7 47. f4 Bxa5 48. d6 Re6 49. c6 Bb6+ 50. Kg2 {Precision: White = 60%, Black = 34%.} 1-0

[Event "20th Dubai Open 2018"]
[Site "Dubai"]
[Date "2018.04.09"]
[Round "8"]
[White "Padmini, Rout"]
[Black "Santiago, Yago De Moura"]
[Result "0-1"]
[WhiteElo "2360"]
[BlackElo "2476"]
[Annotator "TA"]
[PlyCount "90"]
[EventDate "2018.??.??"]
[EventType "swiss"]
[EventCountry "UAE"]
[SourceTitle "playchess.com"]
[Source "ChessBase"]
[SourceQuality "1"]

{[%evp 16,90,16,10,102,102,117,108,124,122,112,134,120,98,127,100,131,127,142,130,127,111,231,231,287,229,237,235,200,141,149,83,181,142,196,203,214,206,238,247,251,237,231,235,251,236,247,248,256,208,162,129,154,99,120,0,0,0,0,0,0,0,0,0,0,-6079,0,-6079,-6078,-5422,-5406,-5377,-5377,-5165,422,-1018,-981]} 1. e4 e6 2. d4 d5 3. Nc3 Nf6 4. e5 Nfd7 5. f4 c5 6. Nf3 Nc6 7. Be3 a6 8. Qd2 cxd4 9. Nxd4 {LiveBook: 211 Games} g5 {C11: French: Classical System: 4 e5 and 4 Bg5 dxe4} (9... Bc5 $11 {keeps the balance.}) (9... Bc5 10. O-O-O O-O 11. Qf2 Bxd4 12. Bxd4 b5 13. Be3 b4 14. Na4 a5 15. h4 Ba6 16. h5 Qc7 17. h6 g6 18. g4 Bxf1 19. Rhxf1 f5 20. exf6 Nxf6 {1-0 (35) Volokitin,A (2677)-Dizdar,G (2509) Austria 2017}) 10. g3 $16 ({Reject} 10. fxg5 Ndxe5 11. Be2 h6 $11) 10... gxf4 11. gxf4 Qh4+ {White is better.} 12. Bf2 Nxd4 13. Qxd4 (13. Bxh4 Nf3+ 14. Ke2 Nxd2 $15) 13... Qh6 14. Qd2 $146 ({Predecessor:} 14. O-O-O Rg8 15. Qd2 Rg4 16. Ne2 Nc5 17. h3 {1-0 (72) Laursen,N (2261)-Rewitz,P (2252) Denmark 2013}) 14... Be7 15. h4 b5 16. O-O-O Bb7 17. Ne4 Qf8 18. Rh3 Bb4 (18... Rg8 $16 {keeps fighting.}) 19. Qd4 $1 $18 Rd8 20. Nd6+ Bxd6 21. exd6 Rg8 22. Qb4 Nb8 23. Bb6 (23. Bc5 $142 Nd7 24. Bd4) 23... Nc6 (23... Qxd6 $16 24. Qxd6 Rxd6) 24. Qd2 Rc8 (24... Qxd6 $16 {was called for.} 25. Bxd8 Nxd8) 25. Bc7 Qh6 {[#]} 26. a4 $1 {[%mdl 512]} b4 (26... bxa4 27. Kb1) 27. Qf2 d4 28. Kb1 Kd7 29. Rhd3 Rg4 30. f5 $1 {[%cal Rf5e6]} e5 31. Bh3 Rxc7 32. Bxg4 Kxd6 33. c3 bxc3 34. bxc3 ({White should try} 34. Rxc3 Qg7 35. Qe2) 34... Ke7 35. cxd4 (35. Qg3 $1 $16 {[%cal Rc3d4]} Kf8 36. Ka1 (36. cxd4 Nxd4 37. Qxe5 Qb6+ 38. Ka1 Nc2+ 39. Ka2 Nb4+ 40. Ka3 Nc2+ 41. Ka2 Nb4+ 42. Ka3 Nc2+ 43. Ka2 $11)) 35... Nxd4 $11 36. Rxd4 Qb6+ 37. Ka1 exd4 38. f6+ Kf8 39. Qf4 {[#] Intending Re1 and mate.} Qb4 $1 {[%mdl 512] ( -> ...Bd5!)} 40. Rxd4 $2 {[%mdl 8192]} (40. Qxc7 {leads to mate.} Qa3+ 41. Kb1 Be4+ 42. Qc2 Qb3+ 43. Ka1 Bxc2 44. Be6 Qa3+ 45. Ba2 Qc3#) (40. Qh6+ $11 Ke8 41. Qxh7 Qxa4+ 42. Kb1 Qb4+ 43. Ka1 Qc3+ 44. Kb1 Qb4+ 45. Ka1 Qc3+ 46. Kb1 Qb3+ 47. Ka1 Qc3+) 40... Qa3+ $19 (40... Rc1+ $2 41. Qxc1 Qxd4+ 42. Qb2 $19) 41. Kb1 {[%cal Rd4d8] [#]} Be4+ $1 {[%mdl 512]} 42. Rxe4 {[#]} Rb7+ $1 43. Kc2 Rb2+ 44. Kd1 Qa1+ 45. Qc1 Rb1 {Precision: White = 76%, Black = 57%.} 0-1

[Event "20th Dubai Open 2018"]
[Site "Dubai"]
[Date "2018.04.09"]
[Round "8"]
[White "Kulkarni, Bhakti"]
[Black "Karthik, Venkataraman"]
[Result "1/2-1/2"]
[WhiteElo "2317"]
[BlackElo "2470"]
[Annotator "TA"]
[PlyCount "129"]
[EventDate "2018.??.??"]
[EventType "swiss"]
[EventCountry "UAE"]
[SourceTitle "playchess.com"]
[Source "ChessBase"]
[SourceQuality "1"]

{[%evp 13,129,10,17,-7,0,0,-4,-4,0,0,11,8,21,0,3,0,0,0,0,-18,0,-4,0,0,0,0,0,0,0,0,0,-43,-29,-63,-62,-106,-107,-121,-95,-95,-95,-95,-95,-96,-103,-103,-99,-181,-27,-28,-21,-34,-34,-34,-34,-34,-34,-46,0,-35,0,-50,0,0,0,0,0,0,0,0,0,0,0,0,0,0,0,0,0,-35,-35,-35,-35,-55,-35,-35,-35,-35,-35,-35,-35,-35,0,0,0,0,0,0,0,0,0,0,0,0,0,0,0,0,0,0,0,0,0,0,0,0,0,0]} 1. d4 Nf6 2. Nf3 g6 3. g3 Bg7 4. Bg2 O-O 5. O-O d5 6. c4 c6 7. Ne5 Be6 {LiveBook: 17 Games} 8. Nd2 {[%cal Bb1d2,Bd2f3,Bf3d4][%mdl 32] D78: Fianchetto Grünfeld: 6 0-0 c6} (8. cxd5 Bxd5 9. Nc3 Bxg2 10. Kxg2 Nbd7 11. Qb3 Qb6 12. Rd1 Qxb3 13. axb3 Rfc8 14. f4 c5 15. Be3 cxd4 16. Rxd4 Nxe5 17. fxe5 {1-0 (24) Kramnik,V (2787)-Svidler,P (2768) Wijk aan Zee 2018}) 8... Nbd7 9. cxd5 cxd5 10. Ndf3 $146 Nxe5 11. dxe5 Ne4 12. Bf4 Qb6 13. Qd4 Rfc8 14. Qxb6 axb6 15. Nd4 Bd7 16. h4 h6 17. Rfd1 g5 (17... Ba4 {feels hotter.} 18. Rdc1 Rc5 19. f3 Rxc1+ 20. Rxc1 Nc5) 18. hxg5 hxg5 19. Bxe4 $1 dxe4 20. Bxg5 Bxe5 21. Bxe7 Rc4 $36 {[%mdl 2048] White is under pressure.} 22. e3 Bg4 23. Rd2 f6 {[#] aiming for ...Kf7.} 24. f3 exf3 {And now ...Re8 would win.} 25. Kf2 Re8 26. Ba3 {[#]} Bxd4 $1 27. exd4 Re2+ 28. Rxe2 fxe2 $17 {[%mdl 4096] Endgame KRB-KRB} 29. Ke3 Kf7 30. Kd3 (30. d5 $17) 30... Rc8 $2 (30... Ra4 $19 31. Kc3 Ke6) 31. Bb4 $11 Ke6 32. a4 Kd5 33. b3 Rc6 34. Bd2 $1 Re6 {White must now prevent ...Bf5+.} 35. Be3 Rc6 36. Bd2 Bh5 37. a5 (37. Rh1 $5 {[%cal Rh1h5]} Bf3 38. Rh8 $11) 37... b5 38. Rh1 Bf3 39. Rh8 Re6 40. Be1 Kd6 41. Rc8 Be4+ 42. Kd2 Bc6 43. Rd8+ Kc7 44. Rh8 Bf3 45. Rh4 f5 46. Rf4 Bg4 47. d5 Re5 48. Rd4 Bf3 49. d6+ Kd7 50. Rd3 Bg4 51. Rd4 Rc5 52. b4 Rc8 53. Rd5 {The position is equal.} Rc6 54. Rxb5 Rxd6+ 55. Ke3 Rd1 56. Kf2 Kc7 57. Rc5+ Kd6 58. Rb5 Kc6 59. Rc5+ Kd7 60. b5 {Black should prevent b6.} Rd3 {Strongly threatening ...Rf3+.} 61. Rc3 Rxc3 62. Bxc3 Kc8 63. Be5 Bh5 64. Bf4 Be8 65. Kxe2 {Precision: White = 69%, Black = 65%.} 1/2-1/2

[Event "20th Dubai Open 2018"]
[Site "Dubai"]
[Date "2018.04.09"]
[Round "8"]
[White "Sharma, Dinesh K"]
[Black "Sundararajan, Kidambi"]
[Result "1/2-1/2"]
[WhiteElo "2261"]
[BlackElo "2436"]
[Annotator "TA"]
[PlyCount "87"]
[EventDate "2018.??.??"]
[EventType "swiss"]
[EventCountry "UAE"]
[SourceTitle "playchess.com"]
[Source "ChessBase"]
[SourceQuality "1"]

{[%evp 13,87,48,49,47,64,25,37,6,8,-20,-7,-9,-12,-22,-18,-37,-38,-41,-46,-44,-30,-36,-30,-31,-25,-31,-26,-25,-25,-42,-35,-71,-71,-71,-71,-71,-72,-72,-71,-74,-73,-84,-72,-76,-77,-79,-76,-79,-72,-79,-64,-84,-93,-89,-88,-90,-85,-77,-34,-35,-10,-11,-5,-16,-16,-17,-8,-8,-7,-35,0,0,0,0,0,0]} 1. e4 c6 2. d4 d5 3. e5 Bf5 4. Nf3 e6 5. Be2 f6 6. O-O {B12: Caro-Kann: Advance Variation} fxe5 7. Nxe5 Nd7 {LiveBook: 3 Games} 8. f4 {White is slightly better.} Bd6 $146 ({Predecessor:} 8... Nxe5 9. fxe5 Qd7 10. Nd2 O-O-O 11. Nb3 Be7 12. Bd3 g6 13. Be3 {1-0 (34) Van Foreest,J (2609)-Jobava,B (2705) Germany 2018}) 9. Nc3 Ne7 10. Be3 (10. Bh5+ {is interesting.} Bg6 11. Bxg6+ Nxg6 12. Qg4 Qe7 13. Nxg6 hxg6 14. Qxg6+ Qf7 15. Qxf7+ Kxf7 16. h3) 10... O-O 11. Kh1 (11. g4 {with more complications.} Bg6 12. Qd2 Bc7 13. b4 b6 14. Ba6) 11... Nxe5 12. fxe5 Bc7 13. Na4 b6 14. b4 Qd7 15. c3 Be4 16. Nb2 Nf5 17. Bf2 c5 18. bxc5 bxc5 19. Na4 cxd4 20. Nc5 Qe7 21. cxd4 Bb6 22. Rc1 Bxc5 $1 23. dxc5 Qg5 {[%csl Ge4][%cal Rg5g2]} 24. Bf3 {[#]} Bxf3 $1 25. Qxf3 Ne7 26. Qe2 Nc6 27. Bg3 Qe7 28. Rxf8+ Rxf8 29. Qa6 Qd7 30. h3 d4 {[%cal Bd5d4,Bd4d3][%mdl 32]} 31. Qc4 Rd8 32. Kg1 d3 33. Rd1 Qd5 34. Qxd5 Rxd5 $17 {[%mdl 4096] Endgame KRB-KRN} 35. Kf2 Ne7 36. Bf4 Rxc5 37. Rxd3 Nd5 38. Kf3 Ra5 39. a3 Rb5 40. Bd2 Kf7 41. Bb4 Nxb4 42. axb4 {The position is equal.} Rxb4 43. Rd7+ Kg6 44. Rxa7 {Precision: White = 63%, Black = 77%.} 1/2-1/2

[Event "20th Dubai Open 2018"]
[Site "Dubai"]
[Date "2018.04.09"]
[Round "8"]
[White "Ashwath, R."]
[Black "Sadhwani, Raunak"]
[Result "1-0"]
[WhiteElo "2250"]
[BlackElo "2358"]
[Annotator "TA"]
[PlyCount "125"]
[EventDate "2018.??.??"]
[EventType "swiss"]
[EventCountry "UAE"]
[SourceTitle "playchess.com"]
[Source "ChessBase"]
[SourceQuality "1"]

{[%evp 23,125,22,16,0,8,-6,-9,-12,-3,-30,-23,-33,-20,-77,-69,-77,-70,-80,-85,-82,-78,-79,-80,-70,-30,-78,-52,-63,-67,-62,-15,-19,-28,-15,-20,-21,-11,-15,-12,-9,-28,-23,-13,-42,-7,-10,0,0,0,0,87,87,87,87,87,108,108,108,108,108,108,87,87,87,87,87,108,79,108,108,116,116,136,138,147,136,154,154,154,154,607,463,1150,2409,3112,3402,928,1461,12835,12835,12836,12835,12832,1733,12841,12842,12842,12843,12846,12847,12848,12848,12849,12849]} 1. d4 Nf6 2. c4 e6 3. Nc3 Bb4 4. Nf3 c5 5. g3 Nc6 6. Bg2 Ne4 7. Bd2 Nxd2 8. Qxd2 cxd4 {E20: Nimzo-Indian: 4 g3 and 4 f3} 9. Nxd4 Ne5 (9... O-O 10. Nc2 Be7 11. O-O a6 12. Rfd1 Rb8 13. Ne4 b6 14. Rac1 Qc7 15. Nd6 Bb7 16. Nxb7 Rxb7 {1-0 (82) Mamedyarov,S (2799)-Ivanchuk,V (2726) Huaian 2017}) 10. b3 Qa5 11. Rc1 O-O 12. O-O a6 {LiveBook: 8 Games} 13. Qc2 Rb8 $146 ({Predecessor:} 13... Ra7 14. Nb1 b6 15. Rfd1 Be7 16. Qc3 {0-1 (52) Ubilava,E (2445)-Foisor,O (2430) Tbilisi (Georgia) 1983}) 14. Ne4 f5 15. Nc3 $1 Ba3 16. Rcd1 b5 17. cxb5 axb5 18. Nb1 (18. e4 $11) 18... Be7 $1 $17 {[%cal Ba3e7,Be7d8,Bd8b6][%mdl 32]} 19. Rc1 Ba6 20. Qc7 Qxc7 21. Rxc7 {[#]} Bd8 $1 {[%cal Rd8c7]} 22. Rc2 Bb6 23. Nf3 Ng4 {Threatens to win with ...Rfc8.} 24. e3 Rbc8 25. Rd2 b4 26. Re1 $1 d5 27. Ng5 Rfe8 {[#]} 28. Nxe6 $1 {[%mdl 512]} Rxe6 29. Bxd5 Rce8 30. Red1 Ne5 31. Bxe6+ Rxe6 32. Rd6 Kf7 33. a3 bxa3 34. Nxa3 Bb7 35. Nc4 $36 {[%mdl 2048] Black is under pressure.} Nf3+ 36. Kg2 {Black must now prevent Rd7+.} Bc7 (36... Nd2+ $11 {keeps the balance.} 37. Kg1 Nxc4 38. Rd7+ Re7 39. bxc4 Bf3) 37. Rd7+ $16 Re7 {And now ...Nd2+ would win.} 38. Rxc7 $1 Rxc7 39. Nd6+ Ke6 {...Bd5 is the strong threat.} 40. Nxb7 Rxb7 41. Kxf3 Rxb3 {[%mdl 4096] Endgame KR-KR} 42. g4 fxg4+ 43. Kxg4 Rb2 44. Kg3 Rb4 45. Ra1 Rb6 46. Ra2 Kf5 47. Ra5+ Kf6 48. h4 {[%cal Bh2h4,Bh4h5][%mdl 32]} Rb4 49. f3 Rb1 50. e4 {[%cal Be3e4,Be4e5][%mdl 32]} Rh1 51. h5 Rg1+ $2 (51... g6 $16 52. hxg6 hxg6 53. Ra6+ Kg7) 52. Kf4 $18 {White is clearly winning.} Rh1 (52... h6 $142 53. e5+ Ke7) 53. Ra6+ Kf7 {[#]} 54. h6 $1 gxh6 55. e5 Rh2 56. Kf5 Rh5+ 57. Ke4 Rh1 58. f4 Rh2 59. Ra7+ Kg8 60. Kf5 Rg2 61. e6 Kf8 62. Rxh7 Rh2 63. Kf6 {Precision: White = 75%, Black = 34%.} 1-0

[Event "20th Dubai Open 2018"]
[Site "Dubai"]
[Date "2018.04.09"]
[Round "8"]
[White "Zhu, Yilun"]
[Black "Rajdeep Sarkar"]
[Result "1-0"]
[WhiteElo "2195"]
[BlackElo "2393"]
[Annotator "TA"]
[PlyCount "113"]
[EventDate "2018.??.??"]
[EventType "swiss"]
[EventCountry "UAE"]
[SourceTitle "playchess.com"]
[Source "ChessBase"]
[SourceQuality "1"]

{[%evp 11,113,63,74,40,41,43,56,28,26,28,27,3,3,1,23,11,16,8,18,20,34,1,60,56,55,40,48,46,73,-10,447,460,433,202,186,192,407,260,302,305,276,229,219,232,292,294,280,286,245,136,140,137,147,134,143,121,151,87,180,142,232,210,259,249,297,287,293,240,399,338,308,306,287,276,524,506,454,451,443,422,421,416,29972,29973,29972,29973,29973,29974,29977,29975,29978,29978,29976,29978,29978,29979,29980,29979,29980,29981,29981,29982,29982,29983]} 1. e4 e5 2. Nf3 Nc6 3. Bc4 g6 4. c3 d6 5. d4 Qe7 6. O-O {C50: Hungarian Defence and Giuoco Pianissimo} Bg7 {LiveBook: 30 Games} 7. Ng5 (7. h3 Nf6 8. Re1 O-O 9. Nbd2 Bd7 10. Nf1 Rae8 11. Ng3 Kh8 12. b4 h6 {1-0 (51) Bauer,C (2647)-Vorotnikov,V (2476) Zuerich 2017}) 7... Nh6 {[%cal Re5d4]} 8. d5 {White is slightly better.} Nd8 9. Be2 $146 ({Predecessor:} 9. f4 O-O 10. fxe5 Ng4 11. e6 Ne5 12. exf7+ Ndxf7 13. Nxf7 Nxc4 {1-0 (48) Harrwitz,D-Horwitz,B London 1846}) 9... O-O 10. c4 f5 11. exf5 gxf5 12. Nc3 f4 13. Nce4 Nf5 14. Bg4 Bh6 15. Nf3 $36 {[%mdl 2048] White fights for an advantage.} Qg7 16. Bh3 Nh4 ({Black should try} 16... Ne3 $11 17. fxe3 Bxh3) 17. Nxh4 Bxh3 18. Kh1 $1 Bg4 19. f3 Bd7 20. g4 (20. g3 $16) 20... fxg3 $2 {[%mdl 8192] [#]} (20... Qe7 $11 21. Qe1 Kh8) 21. Rg1 $1 $18 {[%cal Rg1g3]} Bf4 22. Nxg3 (22. Bxf4 $142 exf4 23. hxg3) 22... Kh8 23. Bxf4 exf4 $2 (23... Rxf4 24. Nh5 Qh6 25. Nxf4 Qxh4) 24. Ne4 Qe7 25. Qd4+ Qe5 26. Qf2 Nf7 {[#]} 27. Rae1 $1 Qe7 28. Nxd6 $1 Qxd6 29. Qd4+ Ne5 30. Qxe5+ (30. Rxe5 $18 Qf6 31. Qc3) 30... Qxe5 $16 31. Rxe5 {Hoping for Re7.} Rf7 32. Rge1 Raf8 33. Re7 Bh3 34. Ng2 (34. b4 $142) 34... Kg8 (34... Rg8 $16 {was called for.} 35. Nh4 (35. Rxf7 Bxg2+ 36. Kg1 Bh3+ 37. Kh1 Bg2+ 38. Kg1 Bh3+ 39. Kh1 Bg2+ $11) 35... Rf6) 35. Kg1 b6 (35... c6 $16 36. dxc6 bxc6) 36. R1e4 Bxg2 37. Kxg2 $18 {[%mdl 4096] Endgame KRR-KRR} a5 38. Kh3 Kg7 39. Kg4 Kg6 $2 (39... Rg8 {might work better.} 40. Kh4 Rd8 41. Rxf7+ Kxf7 42. Rxf4+ Kg6) 40. Rxf7 h5+ 41. Kxf4 Rxf7+ {KR-KR} 42. Ke3 Kg5 $2 (42... Rg7 43. Re5 h4) 43. h4+ Kg6 44. Re6+ Kf5 45. Rh6 Re7+ 46. Kf2 Ke5 (46... a4 $18 47. Rxh5+ Kf4) 47. Re6+ {White mates.} Rxe6 {[#] KR-KP} 48. f4+ $1 {[%mdl 512]} Kf5 (48... Kxf4 49. dxe6) 49. dxe6 Kxe6 {KP-KP} 50. b3 {[%cal Bb2b3,Bb3b4][%mdl 32]} c6 51. Ke3 Kf5 52. Kf3 b5 53. cxb5 cxb5 54. a3 a4 55. b4 Kf6 56. Ke4 Ke6 57. f5+ {Precision: White = 58%, Black = 36%.} 1-0